000 00518nam a22001817a 4500
005 20251108174708.0
008 250721s2008 xx 000 0 ara d
082 1 4 _a413.3/خطا
100 1 _aخطاب، هشام
245 1 0 _aأسماء البنين و البنات و معانيها /
264 1 _aعمان :
_bدار الأسرة،
_c2008.
300 _a80ص.
650 1 7 _aاسماا الاشخاص
650 1 7 _aالاطفال
650 1 7 _aعلم المعاجم
942 _2ddc
_cBK
999 _c115708
_d115708